Math Multiplication Problems (Integers 0 - 12) - Statistics

General Stats
  • This quiz has been taken 1,200 times
    1,199 since last reset
  • The average score is 10 of 10
Answer Stats
Problem Answer % Correct
3 x 5 = 15
100%
0 x 9 = 0
99%
9 x 2 = 18
99%
7 x 3 = 21
99%
12 x 5 = 60
99%
10 x 8 = 80
99%
9 x 11 = 99
99%
9 x 12 = 108
98%
12 x 12 = 144
98%
8 x 8 = 64
98%
No matching quizzes found
Score Distribution
Percent of People with Each Score
Percentile by Number Answered
Your Score History
You have not taken this quiz since the last reset